00652nam a2200193Ia 4500001001000000003000500010008004100015010001100056040000900067082002200076111011400098245002700212260003000239300001000269650004200279650003900321650002900360710006900389Para_3738CHAP220125s1969 xx 000 0 und d a202173 cCHAP aPA 632.58 S4 1969 aSeminario de la Sociedad Colombiana de Control de Malezas y Fisiología Vegetal, COMALFI (1: 1969: Bogotá) aResumenes /c COMALFI aBogotá :b La Sociedad a70 h. aControl biológico de malas hierbas  aFisiología vegetal x Congresos  aMalas hierbas x Control aSociedad Colombiana de Control de Malezas y Fisiología Vegetal